MARC details
| 000 -LEADER |
| fixed length control field |
02114cam a2200565 a 4500 |
| 001 - CONTROL NUMBER |
| control field |
20376 |
| 003 - CONTROL NUMBER IDENTIFIER |
| control field |
VRT |
| 005 - DATE AND TIME OF LATEST TRANSACTION |
| control field |
20260121145625.0 |
| 008 - FIXED-LENGTH DATA ELEMENTS--GENERAL INFORMATION |
| fixed length control field |
250604s1991 xo o gr 000 0 slo |
| 015 ## - NATIONAL BIBLIOGRAPHY NUMBER |
| National bibliography number |
SNBA1991/11 |
| 020 ## - INTERNATIONAL STANDARD BOOK NUMBER |
| International Standard Book Number |
8022600199 |
| Qualifying information |
(viazané) |
| 035 ## - SYSTEM CONTROL NUMBER |
| System control number |
SNK000007147 |
| 035 ## - SYSTEM CONTROL NUMBER |
| System control number |
urn:nbn:sk:snk-amli7q |
| 035 ## - SYSTEM CONTROL NUMBER |
| System control number |
urn:nbn:sk:snk-am00bn9f |
| 035 ## - SYSTEM CONTROL NUMBER |
| System control number |
5C0C3ACC-9881-4DCB-8AB6-068C765C5302 |
| 039 #9 - LEVEL OF BIBLIOGRAPHIC CONTROL AND CODING DETAIL [OBSOLETE] |
| Level of rules in bibliographic description |
202506040850 |
| Level of effort used to assign nonsubject heading access points |
VLOAD |
| Level of effort used to assign subject headings |
202412091332 |
| Level of effort used to assign classification |
AUTHORITY |
| Level of effort used to assign subject headings |
202412091320 |
| Level of effort used to assign classification |
AUTHORITY |
| Level of effort used to assign subject headings |
202411061242 |
| Level of effort used to assign classification |
msnk160 |
| 040 ## - CATALOGING SOURCE |
| Original cataloging agency |
SNK |
| Language of cataloging |
slo |
| Transcribing agency |
SNK |
| Description conventions |
AACR2 |
| 041 0# - LANGUAGE CODE |
| Language code of text/sound track or separate title |
slo |
| Language code of summary or abstract |
eng |
| -- |
rus |
| -- |
ger |
| 043 ## - GEOGRAPHIC AREA CODE |
| Geographic area code |
a-cc--- |
| 044 ## - COUNTRY OF PUBLISHING/PRODUCING ENTITY CODE |
| MARC country code |
xo |
| ISO country code |
SK |
| 072 #7 - SUBJECT CATEGORY CODE |
| Subject category code |
913 |
| Subject category code subdivision |
Regionálna geografia |
| Source |
konspekt |
| 080 ## - UNIVERSAL DECIMAL CLASSIFICATION NUMBER |
| Universal Decimal Classification number |
913 |
| Edition identifier |
2011 |
| 080 ## - UNIVERSAL DECIMAL CLASSIFICATION NUMBER |
| Universal Decimal Classification number |
908(...) |
| Edition identifier |
2011 |
| 080 ## - UNIVERSAL DECIMAL CLASSIFICATION NUMBER |
| Universal Decimal Classification number |
(084.12) |
| Edition identifier |
2011 |
| 080 ## - UNIVERSAL DECIMAL CLASSIFICATION NUMBER |
| Universal Decimal Classification number |
(510) |
| Edition identifier |
2011 |
| 100 1# - MAIN ENTRY--PERSONAL NAME |
| Personal name |
Doležalová, Anna, |
| Dates associated with a name |
1935-1992 |
| Relationship |
aut |
| 245 10 - TITLE STATEMENT |
| Title |
Čína |
| Statement of responsibility, etc. |
Anna Doležalová ; [autor fotografií: Zdeněk Thoma] |
| 250 ## - EDITION STATEMENT |
| Edition statement |
Vydanie v slovenčine prvé |
| 260 ## - PUBLICATION, DISTRIBUTION, ETC. |
| Place of publication, distribution, etc. |
Bratislava |
| Name of publisher, distributor, etc. |
ČSTK-Pressfoto |
| Date of publication, distribution, etc. |
1991 |
| 300 ## - PHYSICAL DESCRIPTION |
| Extent |
126 strán |
| Other physical details |
farebné fotografie |
| Dimensions |
32 cm |
| 500 ## - GENERAL NOTE |
| General note |
Rozložený ilustrovaný titulný list. Mapy na predsádkach. Mimo edície |
| 500 ## - GENERAL NOTE |
| General note |
Vydané v spolupráci s Účastinnou spoločnosťou pre zahraničný obchod Slovart |
| 546 ## - LANGUAGE NOTE |
| Language note |
Anglické, ruské a nemecké resumé |
| 650 07 - SUBJECT ADDED ENTRY--TOPICAL TERM |
| Topical term or geographic name entry element |
regionálna geografia |
| Source of heading or term |
SNKPH |
| 650 07 - SUBJECT ADDED ENTRY--TOPICAL TERM |
| Topical term or geographic name entry element |
reálie |
| Source of heading or term |
SNKPH |
| 651 #7 - SUBJECT ADDED ENTRY--GEOGRAPHIC NAME |
| Geographic name |
Čína |
| Source of heading or term |
SNKPHgeo |
| 655 #7 - INDEX TERM--GENRE/FORM |
| Genre/form data or focus term |
fotografické publikácie |
| Source of term |
SNKPH |
| 700 1# - ADDED ENTRY--PERSONAL NAME |
| Personal name |
Thoma, Zdeněk, |
| Dates associated with a name |
1938- |
| Relationship |
ill |
| 710 2# - ADDED ENTRY--CORPORATE NAME |
| Corporate name or jurisdiction name as entry element |
Slovart (vydavateľstvo) |
| Relationship |
clb |
| 942 ## - ADDED ENTRY ELEMENTS (KOHA) |
| Source of classification or shelving scheme |
Dewey Decimal Classification |
| Koha item type |
Odborná literatúra pre dospelých |
| Suppress in OPAC |
No |
| 949 ## - LOCAL PROCESSING INFORMATION (OCLC) |
| 6 |
273K0265394 |
| a |
svkpoC 24132 |
| b |
svkpo372447 |
| o |
PV 328/91 |
| 949 ## - LOCAL PROCESSING INFORMATION (OCLC) |
| 6 |
273K0473655 |
| a |
svkpoC 24132a |
| b |
svkpo372694 |
| o |
PV 328/91 |
| 949 ## - LOCAL PROCESSING INFORMATION (OCLC) |
| 6 |
17A0095320 |
| a |
snkSB 47881 D1 |
| 949 ## - LOCAL PROCESSING INFORMATION (OCLC) |
| 6 |
2889028359 |
| a |
savukV 37764 |
| 949 ## - LOCAL PROCESSING INFORMATION (OCLC) |
| 6 |
270001000350703 |
| a |
svkbbD 651 |
| b |
svkbbm 558393 |
| 949 ## - LOCAL PROCESSING INFORMATION (OCLC) |
| 6 |
17A0873895 |
| a |
snkSB 47881 |
| b |
snkKSP 2737/91 |
| s |
6100:20160606 |
| 949 ## - LOCAL PROCESSING INFORMATION (OCLC) |
| 6 |
3830001094892 |
| a |
kurukV1.2/110 |
| b |
kuruk2014/F2034 |
| o |
D2014/Hošman |